| 000 | 00468nam a2200145Ia 4500 | ||
|---|---|---|---|
| 008 | 210716s2008 xx 000 0 und d | ||
| 041 | _aeng | ||
| 082 | _a005.30287 MARB | ||
| 100 | _aMarick, Brian. | ||
| 245 |
_aCraft of software testing: including object based and object oriented testing. _bIncluding object based and object oriented testing. |
||
| 250 | _a1 | ||
| 260 |
_aNew Delhi _bPearson Education _c2008 |
||
| 300 | _axxvii,553 | ||
| 650 | _aSoftware Testing | ||
| 999 |
_c190873 _d190873 |
||